000 00617nam a2200181Ia 4500
003 GCL
008 140319s9999 xx 000 0 ara d
040 _aGCL /
_cGCL
082 0 4 _aق
_b915
_bج م
245 1 0 _aالمجلة الجغرافية العربية - ع4 - 1971
260 _aالقاهرة :
_bالجمعية الجغرافية المصرية ،
_c1972
300 _a143 ص ؛
_c24 سم
650 0 4 _aجغرافية الحضر
650 0 4 _aالثروة المعدنية - السعودية
650 0 4 _aالكويت - ميناء
650 0 4 _aالكويت - ميناء الشويخ
942 _2ddc
_cBK
999 _c52022
_d52022